| 000 | 00607nam a2200217 i 4500 | ||
|---|---|---|---|
| 001 | bg | ||
| 100 | 1 | _aCIEPŁUCHA, Jan | |
| 245 | 1 | 0 |
_aLaboratorium podstaw metrologii / _cJan Ciepłucha ; Politechnika Łódzka. |
| 260 |
_aŁódź : _bWydaw. PŁ, _c2004. |
||
| 300 |
_a175 s. : _brys., wykr. ; _c23 cm. |
||
| 504 | _aBibliogr. | ||
| 650 | 9 | _aPomiary | |
| 655 | _aĆwiczenia i zadania dla szkół wyższych | ||
| 020 | _a8372831300 | ||
| 040 | _cBPK | ||
| 041 | 0 | _apol | |
| 080 | _a531.7:621.317:53.08](076) | ||
| 920 | _a83-7283-130-0 | ||
| 942 | _cKS | ||
| 008 | s pl f |000 0 pol | ||
| 999 |
_c45909 _d45909 |
||
| 856 |
_uhttp://koha.tu.koszalin.pl/cgi-bin/koha/opac-detail.pl?biblionumber=45909 _yKatalog online BPK |
||